LEADER 04980nam 2200649Ia 450 001 9910451957003321 005 20200520144314.0 010 $a94-012-0537-X 010 $a1-4356-1547-6 024 7 $a10.1163/9789401205375 035 $a(CKB)1000000000481621 035 $a(EBL)556606 035 $a(OCoLC)184943932 035 $a(SSID)ssj0000130545 035 $a(PQKBManifestationID)12019181 035 $a(PQKBTitleCode)TC0000130545 035 $a(PQKBWorkID)10102312 035 $a(PQKB)10531612 035 $a(MiAaPQ)EBC556606 035 $a(OCoLC)184943932$z(OCoLC)712988701$z(OCoLC)728774141$z(OCoLC)764536583$z(OCoLC)847150778 035 $a(nllekb)BRILL9789401205375 035 $a(Au-PeEL)EBL556606 035 $a(CaPaEBR)ebr10380553 035 $a(EXLCZ)991000000000481621 100 $a20071214d2008 uy 0 101 0 $aeng 135 $aur|n|---||||| 181 $ctxt 182 $cc 183 $acr 200 00$aCoping with evil in religion and culture$b[electronic resource] $ecase studies /$fedited by Nelly van Doorn-Harder and Lourens Minnema 210 $aAmsterdam ;$aNew York $cRodopi$d2008 215 $a1 online resource (273 p.) 225 1 $aCurrents of encounter ;$vv. 35 300 $aInternational conference proceedings. 311 $a90-420-2337-6 320 $aIncludes bibliographical references and index. 327 $tPreliminary Material -- $tThe Problem of Defining Evil /$rNelly van Doorn-Harder and Lourens Minnema -- $tImages of Evil in Popular Ghanaian Christianity /$rMeyer Birgit -- $tDruids, Deer and ?Words of Power?: Coming to Terms with Evil in Medieval Ireland /$rJacqueline Borsje -- $tCoping with Wizardry in Zimbabwe in African Initiated Churches (AICs) /$rMarthinus L. Daneel -- $tThe Evil Comes from Outside: Evil within Religion as a Psychosocial Problem among Adolescent Moroccan Girls in the Netherlands /$rEdien Bartels -- $tConquering Satan, Demons, Principalities, and Powers: Ghanaian Traditional and Christian Perspectives on Religion, Evil, and Deliverance /$rJ. Kwabena Asamoah-Gyadu -- $tA Schema Repertoire Approach to Exorcism: Two Case Studies of Spiritual Warfare /$rPeter Versteeg and André Droogers -- $tHow \'Satanic\' Is Satanism?: A Normative Description /$rReender Kranenborg -- $t\'You Follow the Path of the Shaitan; We Try to Follow the Righteous Path\': Negotiating Evil in the Identity Construction of Young Moroccan-Dutch Muslims /$rMartijn de Koning -- $tDefining Evil to Strengthen Islam: Muhammadiyah Ideologies of Gender and Marriage /$rNelly van Doorn-Harder -- $tBeyond Ujamaa: African Religion and Societal Evil /$rFrans Wijsen -- $tReligion and Evil from the Perspective of Mimetic Theory /$rAndré Lascaris -- $tCoping with Human Evil: Shakespeare's Sense of Tragic Revenge /$rLourens Minnema -- $tThe Power and Limits of Stories: On the Questions \'How to Cope with Evil?\' and \'How to Avoid Evil?\' /$rEdwin Koster -- $tPrayer as a Means of Coping with Evil: Approaches from the Perspective of Lutheran Dogmatics /$rChristiane Tietz -- $tCoping with Tragedy and Malice /$rR. Ruard Ganzevoort -- $tGeneral Index -- $tContributors to this Volume. 330 $aThe various Christian, Muslim, traditional (African), and secular (Western) ways of imagining and coping with evil collected in this volume have several things in common. The most crucial perhaps and certainly the most striking aspect is the problem of defining the nature or characteristics of evil as such. Some argue that evil has an essence that remains constant, whereas others say its interpretation depends on time and place. However much religious and secular interpretations of evil may have changed, the human search for sense and meaning never ends. Questions of whom to blame and whom to address?God, the devil, fate, bad luck, or humans?remain at the center of our explanations and our strategies to comprehend, define, counter, or process the evil we do and the evil done to us by people, God, nature, or accident. Using approaches from cultural anthropology, religious studies, theology, philosophy, psychology, and history, the contributors to this volume analyze how several religious and secular traditions imagine and cope with evil. 410 0$aCurrents of encounter ;$vv. 35. 606 $aGood and evil$xReligious aspects$vCongresses 606 $aGood and evil$xReligious aspects$vCase studies 606 $aEthics, Comparative$vCongresses 608 $aElectronic books. 615 0$aGood and evil$xReligious aspects 615 0$aGood and evil$xReligious aspects 615 0$aEthics, Comparative 676 $a214 701 $aDoorn-Harder$b Pieternella van$f1956-$0920716 701 $aMinnema$b Lourens$f1960-$0939154 801 0$bMiAaPQ 801 1$bMiAaPQ 801 2$bMiAaPQ 906 $aBOOK 912 $a9910451957003321 996 $aCoping with evil in religion and culture$92116933 997 $aUNINA LEADER 00905nam a2200265 i 4500 001 991001964169707536 005 20020508184251.0 008 010430s|||| it ||| | ita 020 $a8804488379 035 $ab10939118-39ule_inst 035 $aPARLA152021$9ExL 040 $aDip.to Filosofia$bita 082 0 $a591.51 100 1 $aMainardi, Danilo$076436 245 12$aL'animale irrazionale :$bl'uomo la natura e i limiti della ragione /$cDanilo Mainardi 260 $aMilano :$bMondadori,$c2001 300 $a166 p. ;$c22 cm. 490 0 $aSaggi [Mondadori] 650 4$aEtologia 907 $a.b10939118$b23-02-17$c28-06-02 912 $a991001964169707536 945 $aLE005 500 MAI01. 01$g1$i2005000108136$lle005$o-$pE0.00$q-$rl$s- $t0$u2$v1$w2$x0$y.i11045553$z28-06-02 996 $aAnimale irrazionale$9919429 997 $aUNISALENTO 998 $ale005$b01-01-01$cm$da $e-$fita$git $h2$i1